[Event "London Classic op U2050-A 8th"]
[Site "London"]
[Date "2016.12.10"]
[Round "2"]
[White "See, Tristian"]
[Black "Albertelli, Christian A"]
[Result "1-0"]
[WhiteElo "1552"]
[BlackElo "1862"]
[PlyCount "139"]
[EventDate "2016.12.09"]
[EventType "swiss"]
[EventRounds "5"]
[EventCountry "ENG"]
[SourceTitle "EXT 2019"]
[Source "ChessBase"]
[SourceDate "2018.10.10"]
[SourceVersion "1"]
[SourceVersionDate "2018.10.10"]
[SourceQuality "1"]

1. e4 e6 2. d4 d5 3. Nc3 Bb4 4. e5 Ne7 5. Nf3 c5 6. a3 Bxc3+ 7. bxc3 Nbc6 8. Be3 c4 9. Be2 Bd7 10. 0-0 Qa5 11. Qe1 Qa4 12. Qc1 Nf5 13. h3 h6 14. g4 Nfe7 15. Nh2 0-0-0 16. Qb2 b6 17. Kg2 Rdf8 18. Rfb1 Rd8 19. Nf1 Rhg8 20. Ng3 Kc7 21. f4 g6 22. Qc1 Rg7 23. g5 hxg5 24. fxg5 Rh8 25. Qb2 Rgh7 26. Rh1 Be8 27. Raf1 Kc8 28. Rf4 Kc7 29. h4 Kd8 30. Bd2 Kc7 31. h5 Qa6 32. h6 Qa4 33. Bg4 Bd7 34. Nf1 Nf5 35. Bxf5 exf5 36. Ne3 Be6 37. Rff1 Rb8 38. Kg3 Rb7 39. Ra1 Rb8 40. Rhb1 a6 41. Qc1 a5 42. Rb2 Na7 43. Qh1 Qc6 44. a4 Nc8 45. Rb5 Ne7 46. Rab1 Rb7 47. Qc1 Nc8 48. Qa3 Na7 49. Qe7+ Qd7 50. Qxd7+ Bxd7 51. Nxd5+ Kc6 52. Nf6 Rh8 53. Rd5 Nc8 54. Rxd7 Rxd7 55. Nxd7 Kxd7 56. d5 Kc7 57. Be3 Rf8 58. Rb5 Re8 59. Bd4 Rh8 60. e6 Rh7 61. exf7 Rxf7 62. Bg7 Nd6 63. h7 f4+ 64. Kf3 Nf5 65. h8Q Nxg7 66. Qg8 Re7 67. d6+ Kxd6 68. Rd5+ Kc6 69. Qd8 Nf5 70. Rxf5 1-0